000 00476pab a2200169 454500
008 180718b2005 xxu||||| |||| 00| 0 eng d
100 _aPepper, W.
245 _aProbabilistic modeling of sulfur and nitrogen pollution controls and their relations with income
260 _c2005
300 _ap.197-219.
362 _aMar
650 _aPollution
700 _aLeggett, J.
700 _aSankorski, A.
773 _aJournal of Environment and Development
909 _a64389
999 _c64389
_d64389